LEADER 02339nam0 22004453i 450 001 SBL0272511 005 20251003044351.0 020 $aIT$b65-5208 100 $a20020704d1965 ||||0itac50 ba 101 | $aita 102 $ait 181 1$6z01$ai $bxxxe 182 1$6z01$an 183 1$6z01$anc$2RDAcarrier 200 1 $aAmministrazione speciale e amministrazione ordinaria per lo sviluppo del Mezzogiorno$erassegna della legislazione$fdi Sabino Cassese 210 $aRoma$c[Associazione per lo sviluppo dell'industria nel Mezzogiorno]$a[Milano]$cGiuffrè$d1965 215 $a58 p.$d25 cm. 225 | $aCollana Francesco Giordani 410 0$1001CFI0160379$12001 $aCollana Francesco Giordani 606 $aItalia meridionale$xSviluppo economico$xLegislazione$2FIR$3SBLC051601$9I 676 $a338.9$9POLITICA ECONOMICA$v17 676 $a338.9457$9SVILUPPO ECONOMICO. Italia meridionale$v21 676 $a343.450746$9DIRITTO IN MATERIA DI REGOLAMENTAZIONE DELL'ATTIVITA ECONOMICA. Assistenza economica interna. Sviluppo regionale$v23 686 $aSe.i.15.5$cStoria dell'economia italiana. La questione meridionale. Lo stato e gli enti pubblici$2F 686 $aSe.i.15.5.2$cStoria dell'economia italiana. La questione meridionale. La Cassa del Mezzogiorno$2F 696 $aCrescita economica 699 $aSviluppo economico$yCrescita economica 700 1$aCassese$b, Sabino$3CFIV019047$4070$07706 712 02$aSvimez$3CFIV025373 791 02$aAssociazione per lo sviluppo dell'industria nel Mezzogiorno$3CFIV025374$zSvimez 791 02$aAssociazione per lo sviluppo dell'industria nel Mezzogiorno$3CFIV025374$zSvimez 801 3$aIT$bIT-000000$c20020704 850 $aIT-BN0095 $aIT-BN0098 901 $bNAP 01$cD $n$ 901 $bNAP CU$cF. PAREO $n$ 912 $aSBL0272511 950 0$aBiblioteca Centralizzata di Ateneo$d 01D (AR) 5 212$e 01AR 0070052125 VMA A4 1 v.$fY $h20230503$i20230503$lFondo Chiomenti$mEx Libris$d 01D (AR) 5 213$e 01AR 0070052135 VMA A4(bis 1 v. (2. copia)$fY $h20230503$i20230503 977 $a 01$a CU 996 $aAmministrazione speciale e amministrazione ordinaria per lo sviluppo del Mezzogiorno$9636408 997 $aUNISANNIO